[Event "HUN-chT Youth 2019"]
[Site "Budapest"]
[Date "2019.10.29"]
[Round "6.12"]
[White "Kiraly, Lilla Virag"]
[Black "Buri, Kata"]
[Result "0-1"]
[WhiteElo "1450"]
[BlackElo "1646"]
[Annotator "NA RC"]
[PlyCount "94"]
[EventDate "2019.10.26"]
[EventType "team-tourn"]
[EventCountry "HUN"]
[SourceTitle "playchess.com"]
[Source "ChessBase"]
[SourceQuality "1"]
[TimeControl "5400+30"]

1. e4 {[%emt 0:00:00]} c5 {[%emt 0:00:00]} 2. Nc3 {[%emt 0:00:00]} Nc6 {[%emt 0:00:27]} 3. g3 {[%emt 0:00:04]} g6 {[%emt 0:00:27]} 4. Bg2 {[%emt 0:00:20]} Bg7 {[%emt 0:00:09]} 5. d3 {[%emt 0:00:15]} d6 {[%emt 0:01:05]} 6. f4 {[%emt 0:00:22]} Nf6 {[%emt 0:00:45]} 7. Be3 {[%emt 0:00:42]} O-O {[%emt 0:01:35]} 8. h3 {[%emt 0:02:02]} Rb8 {[%emt 0:02:25]} 9. Nf3 {[%emt 0:01:34]} Nd7 {[%emt 0:02:05]} 10. O-O {[%emt 0:02:09]} b5 {[%emt 0:02:20]} 11. Qd2 {[%emt 0:01:56]} Nd4 {[%emt 0:02:27]} 12. Rae1 {[%emt 0:01:57]} a5 {[%emt 0:04:32]} 13. Nd1 {[%emt 0:07:41]} Nxf3+ {[%emt 0:03:20]} 14. Bxf3 {[%emt 0:01:41]} Ba6 {[%emt 0:00:55]} 15. f5 {[%emt 0:10:54]} Qc7 {[%emt 0:05:13]} 16. Bh6 {[%emt 0:03:08]} d5 {[%emt 0:03:57]} 17. Kg2 {[%emt 0:03:34]} d4 {[%emt 0:05:58]} 18. Nf2 {[%emt 0:07:31]} Ne5 {[%emt 0:02:18]} 19. Ng4 {[%emt 0:15:12]} Nxg4 {[%emt 0:02:55]} 20. Bxg4 {[%emt 0:01:33]} c4 {[%emt 0:02:45]} 21. Bf4 {[%emt 0:08:37]} Be5 {[%emt 0:01:41]} 22. Bxe5 {[%emt 0:02:33]} Qxe5 {[%emt 0:00:13]} 23. Qxa5 {[%emt 0:05:48]} Qd6 {[%emt 0:04:16]} 24. Qd2 {[%emt 0:03:15]} Bb7 {[%emt 0:03:19]} 25. Kh2 {[%emt 0:03:45]} Ra8 {[%emt 0:03:39]} 26. a3 {[%emt 0:06:29]} gxf5 {[%emt 0:03:09]} 27. Rxf5 {[%emt 0:01:12]} Kh8 {[%emt 0:00:40]} 28. Ref1 {[%emt 0:00:37]} Rg8 {[%emt 0:07:12]} 29. Rxf7 {[%emt 0:04:27]} h5 {[%emt 0:01:48]} 30. Bf5 {[%emt 0:04:02]} Rxg3 {[%emt 0:01:03]} 31. Rf4 {[%emt 0:01:11]} Rg7 {[%emt 0:04:57]} 32. Rxg7 {[%emt 0:00:12]} Kxg7 {[%emt 0:00:01]} 33. Kh1 {[%emt 0:00:31]} Rg8 {[%emt 0:00:56]} 34. Qg2+ {[%emt 0:00:47]} Kh8 {[%emt 0:00:02]} 35. Qf3 {[%emt 0:00:23]} Qh6 {[%emt 0:00:16]} 36. h4 {[%emt 0:00:52]} e5 {[%emt 0:00:48]} 37. Be6 {[%emt 0:00:35]} exf4 {[%emt 0:00:33]} 38. Bxg8 {[%emt 0:00:18]} Kxg8 {[%emt 0:00:01]} 39. Kh2 {[%emt 0:00:39]} Kg7 {[%emt 0:00:45]} 40. Qf2 {[%emt 0:00:25]} Qf6 {[%emt 0:00:21]} 41. Qg2+ {[%emt 0:00:40]} Qg6 {[%emt 0:00:18]} 42. Qf2 {[%emt 0:00:10]} Qf6 {[%emt 0:00:09]} 43. Qg2+ {[%emt 0:00:12]} Kf7 {[%emt 0:00:05]} 44. Qf2 {[%emt 0:00:15]} f3 {[%emt 0:00:43]} 45. Kg1 {[%emt 0:00:56]} Qf4 {[%emt 0:00:59]} 46. Kf1 {[%emt 0:00:47]} Bc8 {[%emt 0:00:17]} 47. Kg1 {[%emt 0:00:30]} Qe3 {[%emt 0:00:24]} 0-1

[Event "HUN-chT Youth 2019"]
[Site "Budapest"]
[Date "2019.10.29"]
[Round "6.13"]
[White "Geher, Koppany"]
[Black "Kokeny, Norbert Adrian"]
[Result "*"]
[WhiteElo "2256"]
[BlackElo "2292"]
[Annotator "TA"]
[PlyCount "36"]
[EventDate "2019.10.26"]
[EventType "team-tourn"]
[EventCountry "HUN"]
[SourceTitle "playchess.com"]
[Source "ChessBase"]
[SourceQuality "1"]

{[%evp 15,28,50,59,54,60,51,64,65,68,68,76,65,70,58,64]} 1. e4 c5 2. Nf3 e6 3. d4 cxd4 4. Nxd4 a6 5. c4 Nf6 6. Nc3 Qc7 7. a3 Nc6 8. Be3 Be7 9. Be2 {B41: Sicilian: Kan Variation: 5 c4} d6 10. O-O Bd7 11. Rc1 Nxd4 (11... O-O 12. f3 Rac8 13. Na4 Ne5 14. b4 Rfe8 15. Qb3 Ng6 16. Kh1 e5 17. Nf5 Bxf5 18. exf5 Nf4 19. Qa2 {½-½ (19) Szabo,K (2547)-Mamedov,R (2636) Moscow 2012}) 12. Qxd4 Rc8 13. Rfd1 O-O 14. f3 Qb8 {Predecessor:} 15. b4 $146 Bd8 16. Kh1 b5 17. Bg1 bxc4 18. Bxc4 Rc6 {1-0 (26) Redondo Benavente,J (2206)-Kassay,K (2124) Prague 2016} *

[Event "HUN-chT Youth 2019"]
[Site "Budapest"]
[Date "2019.10.29"]
[Round "6.13"]
[White "Geher, Koppany"]
[Black "Kokeny, Norbert Adrian"]
[Result "1/2-1/2"]
[WhiteElo "2256"]
[BlackElo "2292"]
[Annotator "TA"]
[PlyCount "40"]
[EventDate "2019.10.26"]
[EventType "team-tourn"]
[EventCountry "HUN"]
[SourceTitle "playchess.com"]
[Source "ChessBase"]
[SourceQuality "1"]

{[%evp 15,40,44,65,68,58,55,61,56,77,75,71,78,75,61,56,12,84,67,93,93,92,92,103,19,21,3,18]} 1. e4 c5 2. Nf3 e6 3. d4 cxd4 4. Nxd4 a6 5. c4 Nf6 6. Nc3 Qc7 7. a3 Nc6 8. Be3 Be7 9. Be2 {B41: Sicilian: Kan Variation: 5 c4} d6 10. O-O Bd7 11. Rc1 {White is slightly better.} Nxd4 (11... O-O 12. f3 Rac8 13. Na4 Ne5 14. b4 Rfe8 15. Qb3 Ng6 16. Kh1 e5 17. Nf5 Bxf5 18. exf5 Nf4 19. Qa2 {½-½ (19) Szabo,K (2547)-Mamedov,R (2636) Moscow 2012}) 12. Qxd4 Rc8 13. Rfd1 O-O 14. f3 Qb8 15. Qd2 Bd8 $146 (15... b5 $11 {remains equal.}) ({Predecessor:} 15... Rfd8 16. Bb6 Rf8 17. Bf1 Be8 18. b4 Nd7 19. Be3 {0-1 (43) Pinsach Gelabert,A (1906)-Vidal Zamora,A (2137) Girona 2011}) 16. Kh1 ({But not} 16. Qxd6 $6 Bc7 $11) 16... h6 17. Bf4 e5 18. Be3 Be7 19. Nd5 (19. a4 $16) 19... Nxd5 $11 20. cxd5 Rxc1 {Accuracy: White = 29%, Black = 67%.} 1/2-1/2

[Event "HUN-chT Youth 2019"]
[Site "Budapest"]
[Date "2019.10.28"]
[Round "6.13"]
[White "Megyeri, Martin"]
[Black "Palczert, Matyas"]
[Result "*"]
[WhiteElo "1611"]
[BlackElo "2009"]
[Annotator "NA RC"]
[PlyCount "20"]
[EventDate "2019.10.26"]
[EventType "team-tourn"]
[EventCountry "HUN"]
[SourceTitle "playchess.com"]
[Source "ChessBase"]
[SourceQuality "1"]
[TimeControl "5400+30"]

1. Nf3 {[%emt 0:00:00]} Nf6 {[%emt 0:00:00]} 2. b3 {[%emt 0:00:00]} e6 {[%emt 0:00:08]} 3. Bb2 {[%emt 0:00:00]} d5 {[%emt 0:00:16]} 4. e3 {[%emt 0:00:06]} Be7 {[%emt 0:00:36]} 5. Be2 {[%emt 0:00:11]} O-O {[%emt 0:00:29]} 6. O-O {[%emt 0:00:12]} c5 {[%emt 0:01:00]} 7. d4 {[%emt 0:00:29]} Nc6 {[%emt 0:01:55]} 8. Nbd2 {[%emt 0:01:18]} b6 {[%emt 0:08:22]} 9. c4 {[%emt 0:01:33]} Bb7 {[%emt 0:01:44]} 10. Rc1 {[%emt 0:01:00]} Rc8 {[%emt 0:01:45]} *

[Event "HUN-chT Youth 2019"]
[Site "Budapest"]
[Date "2019.10.29"]
[Round "6.14"]
[White "Baski, Barnabas"]
[Black "Ongut, Tamas Gunes"]
[Result "1/2-1/2"]
[WhiteElo "2037"]
[BlackElo "2214"]
[Annotator "TA"]
[PlyCount "72"]
[EventDate "2019.10.26"]
[EventType "team-tourn"]
[EventCountry "HUN"]
[SourceTitle "playchess.com"]
[Source "ChessBase"]
[SourceQuality "1"]

{[%evp 12,72,-11,-8,29,0,0,-20,-20,-18,-20,-37,-2,-2,-12,-35,-17,-34,-30,-31,-27,-56,-50,-49,-52,-50,-57,-63,-70,-77,-68,-132,-92,-84,-66,-88,-87,-131,-95,-93,-106,-94,-99,-125,-87,-108,-60,-71,-62,-67,-55,-66,-54,-61,-56,-46,-39,-56,-52,-104,-96,-91,-92]} 1. Nf3 g6 2. g3 Bg7 3. d4 c5 4. Bg2 cxd4 5. Nxd4 Nc6 6. Nxc6 bxc6 7. O-O Ba6 {A04: Unusual lines after 1 Nf3 and King's Indian Attack} (7... Nf6 8. c4 O-O 9. Nc3 Rb8 10. Qc2 c5 11. e4 d6 12. b3 Ng4 13. f4 Qa5 14. Bd2 Ne3 15. Bxe3 Qxc3 16. Qxc3 Bxc3 17. Rad1 Bb7 18. e5 Rfe8 {1-0 (31) Gledura,B (2654)-Horvath,A (2517) Ajka 2019}) 8. c3 $146 ({Predecessor:} 8. Nc3 Rb8 9. Qd2 Nf6 10. b3 Nd5 11. Nxd5 cxd5 12. Rb1 e6 13. Ba3 Bb7 14. c4 d4 15. Bd6 Bxg2 16. Kxg2 {1-0 (46) Chirila,I (2526)-Chandra,A (2490) Atlantic City 2016}) 8... h5 9. h4 Nf6 {The position is equal.} 10. Na3 O-O 11. Nc2 Rb8 12. Nb4 Bb7 13. Nd3 d6 14. Qa4 Qb6 15. Bg5 c5 16. Bxb7 Qxb7 17. Bxf6 Bxf6 18. Rab1 Qb5 19. Qc2 Qc4 20. Qd2 Qxa2 21. Nf4 (21. Ra1 $15 Qd5 22. Qf4) 21... Be5 22. Nd3 Bg7 23. Qe3 Rb7 24. Rfd1 Qc4 25. Ra1 Rfb8 26. Ra3 Qg4 27. Rda1 Qd7 28. Ra6 Qc7 29. Qf3 e6 30. g4 hxg4 31. Qxg4 c4 32. Nb4 d5 33. h5 gxh5 34. Qxh5 d4 35. Qg4 (35. R1a5 $1 $15) 35... dxc3 $17 36. bxc3 Kf8 {Accuracy: White = 36%, Black = 71%.} 1/2-1/2

[Event "HUN-chT Youth 2019"]
[Site "Budapest"]
[Date "2019.10.28"]
[Round "6.14"]
[White "Hajdu, Marton Abris"]
[Black "Lehocz, Jozsef Jr."]
[Result "*"]
[WhiteElo "1818"]
[BlackElo "1447"]
[Annotator "NA RC"]
[PlyCount "24"]
[EventDate "2019.10.26"]
[EventType "team-tourn"]
[EventCountry "HUN"]
[SourceTitle "playchess.com"]
[Source "ChessBase"]
[SourceQuality "1"]
[TimeControl "5400+30"]

1. e4 {[%emt 0:00:00]} d5 {[%emt 0:00:00]} 2. exd5 {[%emt 0:00:00]} Qxd5 {[%emt 0:00:00]} 3. Nc3 {[%emt 0:00:01]} Qd6 {[%emt 0:00:00]} 4. g3 {[%emt 0:01:37]} c6 {[%emt 0:00:00]} 5. Bg2 {[%emt 0:00:23]} Nf6 {[%emt 0:00:17]} 6. Nge2 {[%emt 0:00:17]} Bf5 {[%emt 0:00:24]} 7. O-O {[%emt 0:00:38]} e6 {[%emt 0:00:08]} 8. d4 {[%emt 0:02:17]} Be7 {[%emt 0:00:14]} 9. Bf4 {[%emt 0:01:13]} Qd8 {[%emt 0:01:09]} 10. Qd2 {[%emt 0:02:04]} O-O {[%emt 0:00:47]} 11. h3 {[%emt 0:04:28]} Nbd7 {[%emt 0:01:24]} 12. Kh2 {[%emt 0:02:21]} h5 {[%emt 0:03:40]} *

[Event "HUN-chT Youth 2019"]
[Site "Budapest"]
[Date "2019.10.29"]
[Round "6.15"]
[White "Juhasz, Agoston"]
[Black "Monduk, Ferenc"]
[Result "1-0"]
[WhiteElo "2115"]
[BlackElo "1987"]
[Annotator "TA"]
[PlyCount "89"]
[EventDate "2019.10.26"]
[EventType "team-tourn"]
[EventCountry "HUN"]
[SourceTitle "playchess.com"]
[Source "ChessBase"]
[SourceQuality "1"]

{[%evp 11,88,23,31,37,46,50,50,27,62,33,56,50,56,57,59,47,60,14,25,25,22,24,32,27,27,4,43,32,77,66,87,0,0,-6,-12,-21,0,-54,-54,-48,75,0,421,419,398,420,412,341,326,399,376,408,385,377,388,378,357,150,208,214,390,371,371,227,220,217,222,191,996,996,817,804,1560,1455,1508,1154,29998,29999,29999]} 1. d4 Nf6 2. Nc3 g6 3. e4 d6 4. Nf3 Bg7 5. Be2 O-O 6. O-O e5 7. Bg5 {B08: Pirc Defence: Classical System} (7. dxe5 a6 8. a4 Nc6 9. h3 dxe5 10. Be3 Be6 11. Ng5 Qe7 12. Nxe6 fxe6 13. Qd3 Nd4 14. Qc4 Ne8 15. Bd1 Nd6 16. Qa2 Rf7 17. Nb1 Nxe4 18. Nd2 {0-1 (48) Dvalishvili,P (2423)-Gordievsky,D (2596) Moscow 2017}) 7... Qe8 8. dxe5 dxe5 9. h3 {White is slightly better.} c6 10. a4 {[%cal Ba2a4,Ba4a5][%mdl 32]} h6 11. Be3 Qe7 12. a5 $146 ({Predecessor:} 12. Bc4 Nbd7 13. a5 Nh5 14. a6 b6 15. Re1 Nc5 {1-0 (49) Tilicheev,V (2343)-Iskandarov,M (2181) Batumi 2010}) 12... Rd8 13. Qc1 Kh7 14. Rb1 Nbd7 15. Rd1 b5 16. b4 a6 17. Ne1 Ne8 18. Nd3 Nc7 19. Nc5 Ne6 20. Nxe6 Qxe6 21. Bc5 (21. Rd3 $16) 21... Bb7 $11 22. Bd6 $36 {[%mdl 2048] White has some pressure.} Nf6 23. Bc5 Nd7 24. Qe3 (24. Be3 $11) 24... Nxc5 $15 25. Qxc5 Rac8 (25... h5 $15 {stays ahead.}) 26. Qb6 ({Better is} 26. Bg4 $1 $16 {[%cal Rg4e6]} f5 27. exf5 gxf5 28. Bh5) 26... Rd7 $2 {[%mdl 8192]} (26... Qe7 $11 {and Black has nothing to worry.}) 27. Rxd7 $18 Qxd7 28. Bg4 {[%mdl 64] Skewer} f5 29. exf5 gxf5 30. Rd1 $1 {[%cal Rd1d7]} Qf7 {[#]} 31. Bxf5+ $1 {[%mdl 576] Deflection} Qxf5 32. Qxb7 Rf8 33. f3 $1 Qxc2 34. Qxc6 (34. Rd7 $1 $18 {[%cal Rd7g7] is the precise move to win.} Rg8 35. Ne4 (35. Qxc6 Kh8 $18) 35... Qc1+ 36. Kh2 Qf4+ 37. Ng3) 34... Rf4 {[#]} (34... Kh8 $16 {was called for.}) 35. Rd7 $1 Rc4 $2 (35... Qc1+ 36. Kf2 Rc4) 36. Qb7 ({Weaker is} 36. Qf6 Qc1+ 37. Kf2 Qd2+ 38. Rxd2 Bxf6 $18) 36... Qc1+ 37. Nd1 Qg5 {[#]} 38. Nf2 $1 {[%cal Rf2e4] Threatens to win with Ne4.} Qg3 39. Nd3 ({Resist} 39. Qxa6 $6 Rc1+ 40. Rd1 Rxd1+ 41. Nxd1 Qe1+ 42. Kh2 Qxd1 $14) 39... Kh8 $2 (39... Qg5 40. Nf2 Rd4) 40. Rd8+ Kh7 {[#]} 41. Qf7 $1 {White threatens Qg8+ and mate.} Qg5 42. Qg8+ Kg6 43. Qe8+ Kf6 44. Rd6+ {[%mdl 64] Double Attack} Kf5 45. Qe6# {Accuracy: White = 53%, Black = 35%.} 1-0

[Event "HUN-chT Youth 2019"]
[Site "Budapest"]
[Date "2019.10.28"]
[Round "6.15"]
[White "Kellermann, Botond"]
[Black "Nagy, Botond"]
[Result "*"]
[WhiteElo "1274"]
[BlackElo "1281"]
[Annotator "NA RC"]
[PlyCount "28"]
[EventDate "2019.10.26"]
[EventType "team-tourn"]
[EventCountry "HUN"]
[SourceTitle "playchess.com"]
[Source "ChessBase"]
[SourceQuality "1"]
[TimeControl "5400+30"]

1. d4 {[%emt 0:00:00]} d5 {[%emt 0:00:00]} 2. c4 {[%emt 0:00:00]} c6 {[%emt 0:00:22]} 3. Nf3 {[%emt 0:00:00]} Nf6 {[%emt 0:00:44]} 4. Nbd2 {[%emt 0:01:07]} Bf5 {[%emt 0:00:40]} 5. e3 {[%emt 0:01:42]} e6 {[%emt 0:01:00]} 6. Be2 {[%emt 0:01:00]} Be7 {[%emt 0:01:01]} 7. O-O {[%emt 0:00:21]} Nbd7 {[%emt 0:00:52]} 8. Qb3 {[%emt 0:01:36]} Qc7 {[%emt 0:01:56]} 9. Bd3 {[%emt 0:01:06]} Bg6 {[%emt 0:01:16]} 10. Re1 {[%emt 0:01:03]} Qb6 {[%emt 0:01:10]} 11. Qxb6 {[%emt 0:01:32]} Nxb6 {[%emt 0:01:08]} 12. Bxg6 {[%emt 0:00:13]} hxg6 {[%emt 0:00:29]} 13. c5 {[%emt 0:00:29]} Nbd7 {[%emt 0:00:37]} 14. b4 {[%emt 0:01:01]} a5 {[%emt 0:01:47]} *

[Event "HUN-chT Youth 2019"]
[Site "Budapest"]
[Date "2019.10.29"]
[Round "6.16"]
[White "Lengyel, Andrea"]
[Black "Virag, Balint"]
[Result "1/2-1/2"]
[WhiteElo "1872"]
[BlackElo "2100"]
[Annotator "TA"]
[PlyCount "37"]
[EventDate "2019.10.26"]
[EventType "team-tourn"]
[EventCountry "HUN"]
[SourceTitle "playchess.com"]
[Source "ChessBase"]
[SourceQuality "1"]

{[%evp 9,37,-13,0,0,15,1,54,45,97,86,135,141,154,132,228,204,206,196,235,158,283,185,281,4,132,134,126,114,131,105]} 1. d4 d5 2. c4 e6 3. Nf3 Nf6 4. Nc3 a6 5. a4 (5. cxd5 exd5 6. Bg5 Be6 7. e3 Nbd7 8. Bd3 h6 9. Bf4 g5 10. Bg3 Nh5 11. Be5 Nhf6 12. Bg3 Nh5 13. Ne2 Nxg3 14. Nxg3 {1-0 (61) Leko,P (2679)-Caruana,F (2832) Germany 2019}) 5... Bb4 6. Bg5 {D37: Queen's Gambit Declined: 5 Bf4} c5 $146 ({Predecessor:} 6... h6 7. Bh4 Nc6 8. e3 O-O 9. Rc1 Be7 10. cxd5 Nxd5 11. Bg3 Bd6 12. Bc4 Bxg3 13. hxg3 {0-1 (58) Albers,F (1698)-Raedisch,P (1553) Pinneberg 2015}) 7. e3 Qa5 (7... cxd4 $11 8. Qxd4 Nc6) 8. Bxf6 $1 $14 {White is slightly better.} Bxc3+ (8... gxf6 $14 9. cxd5 exd5) 9. bxc3 $16 Qxc3+ 10. Nd2 gxf6 11. cxd5 Nd7 (11... exd5 $16 12. Rc1 Qb2) 12. Rc1 $18 Qb4 13. dxe6 fxe6 14. dxc5 Ke7 (14... O-O $16 {is a better defense.}) 15. Qc2 Ne5 (15... b6 {keeps fighting.}) 16. Qe4 $2 {[#]} (16. Be2 $18) 16... Qb2 (16... Qxe4 $11 17. Nxe4 Bd7) 17. Rb1 Qc3 18. Qb4 Qxb4 19. Rxb4 {Accuracy: White = 63%, Black =  8%.} 1/2-1/2

[Event "HUN-chT Youth 2019"]
[Site "Budapest"]
[Date "2019.10.29"]
[Round "6.17"]
[White "Koltai, Dora"]
[Black "Szabo, Balazs"]
[Result "1-0"]
[WhiteElo "1845"]
[BlackElo "2210"]
[Annotator "TA"]
[PlyCount "61"]
[EventDate "2019.10.26"]
[EventType "team-tourn"]
[EventCountry "HUN"]
[SourceTitle "playchess.com"]
[Source "ChessBase"]
[SourceQuality "1"]

{[%evp 19,61,10,63,60,105,104,82,75,74,77,121,121,357,93,245,244,245,235,241,232,245,236,205,233,307,327,362,201,347,357,338,335,377,377,454,246,255,187,529,283,2197,1556,6470,5927]} 1. e4 e6 2. d4 d5 3. Nd2 Nf6 4. e5 Nfd7 5. Bd3 c5 6. c3 Nc6 7. Ne2 f6 8. Nf4 Qe7 9. exf6 Qxf6 10. Nf3 cxd4 ({Black should play} 10... Bd6 $1 $11 11. Nh5 Qe7) 11. Nh5 $14 {C06: French Tarrasch: 3...Nf6 4 e5 Nfd7 5 Bd3 main lines} Qf7 12. Ng5 Qg8 13. O-O {White is better.} Nde5 14. Re1 $146 ({Predecessor:} 14. cxd4 Nxd3 15. Qxd3 Bd7 16. Bf4 O-O-O 17. Ng3 Be7 18. Rac1 Rf8 19. Qe3 Bxg5 20. Bxg5 Qf7 21. Qa3 Kb8 22. Qd6+ Ka8 23. Be3 Rc8 24. Ne2 Qe7 25. Rxc6 {1-0 (25) Carstens,A (2375)-Schlenker,J (2220) Wuerttemberg 1992}) 14... Nxd3 15. Qxd3 Bd6 $2 (15... Be7 $16) 16. f4 $2 (16. cxd4 Kd8 $18) (16. Bf4 $18 Bf8 17. Rxe6+ $3 {[%mdl 576] Clearance} (17. cxd4 Kd8 $16) 17... Bxe6 18. Re1) 16... Bd7 $2 {[#]} (16... Kd8 $16) 17. f5 $1 $18 {[%cal Rf5f6]} ({Not} 17. cxd4 O-O-O $11) 17... O-O-O {Strongly threatening ...e5.} ({Much worse is} 17... e5 18. f6 $18) 18. fxe6 Be8 {[#]} 19. Qh3 $1 {Hoping for Nf7.} Kb8 20. Bf4 Bxf4 21. Nxf4 Ne7 22. cxd4 h6 23. Nf3 (23. Qa3 $142 Qf8 24. Nd3) 23... Ka8 (23... g5 $142) 24. Ne5 g5 25. Nfd3 h5 26. Nc5 Ng6 27. Ned7 ({Don't play} 27. Nxg6 Qxg6 28. e7 Rb8 $18) (27. Qb3 $142 {[%csl Gc5][%cal Rb3b7]} Rb8 28. Nxg6 Qxg6 29. Qxd5) 27... Bxd7 28. exd7 Qg7 $2 (28... b6) 29. Ne6 Qf6 $2 (29... Qxd7 30. Nxd8 Qxd8) 30. Nxd8 {Threatens to win with Re8.} Qxd8 31. Rac1 {Accuracy: White = 41%, Black = 29%.} 1-0

[Event "HUN-chT Youth 2019"]
[Site "Budapest"]
[Date "2019.10.29"]
[Round "6.17"]
[White "Koltai, Dora"]
[Black "Szabo, Balazs"]
[Result "*"]
[WhiteElo "1845"]
[BlackElo "2210"]
[Annotator "TA"]
[PlyCount "37"]
[EventDate "2019.10.26"]
[EventType "team-tourn"]
[EventCountry "HUN"]
[SourceTitle "playchess.com"]
[Source "ChessBase"]
[SourceQuality "1"]

{[%evp 9,10,37,46]} 1. e4 e6 2. d4 d5 3. Nd2 Nf6 4. e5 Nfd7 5. Bd3 c5 {Predecessor:} 6. c3 $146 b6 7. Ne2 Ba6 8. Bxa6 Nxa6 9. Nf3 Nc7 10. h4 Nb8 11. Nf4 Nc6 12. Kf1 Qd7 13. g3 f6 14. Kg2 O-O-O 15. Qe2 Be7 16. Re1 Rhe8 17. Nh5 fxe5 18. Nxe5 Nxe5 19. Qxe5 {½-½ (33) Cheparinov,I (2715)-Lopez Martinez,J (2581) Batumi 2018} *

[Event "HUN-chT Youth 2019"]
[Site "Budapest"]
[Date "2019.10.29"]
[Round "6.19"]
[White "Kaloczi, Kristof"]
[Black "Varga, Marcell"]
[Result "1/2-1/2"]
[WhiteElo "2099"]
[BlackElo "2118"]
[Annotator "TA"]
[PlyCount "34"]
[EventDate "2019.10.26"]
[EventType "team-tourn"]
[EventCountry "HUN"]
[SourceTitle "playchess.com"]
[Source "ChessBase"]
[SourceQuality "1"]

{[%evp 17,24,0,0,0,0,-1,0,0,0]} 1. e4 e5 2. Nf3 Nf6 3. Nc3 Nc6 4. d4 exd4 5. Nxd4 Bb4 6. Nxc6 bxc6 7. Bd3 d5 8. exd5 cxd5 9. O-O O-O {The position is equal.} 10. h3 {C47: Scotch Four Knights and Four Knights with 4 g3} c6 11. Qf3 Re8 12. Bg5 Bd6 {Predecessor:} 13. Rfe1 $146 Rxe1+ 14. Rxe1 Bd7 15. Bf4 Qb8 16. Bxd6 Qxd6 17. b3 c5 {½-½ (48) Morozevich,A (2665)-Kramnik,V (2800) Moscow 2018} 1/2-1/2

[Event "HUN-chT Youth 2019"]
[Site "Budapest"]
[Date "2019.10.29"]
[Round "6.20"]
[White "Gyurika, Tamas"]
[Black "Czumbel, Peter"]
[Result "1-0"]
[WhiteElo "1920"]
[BlackElo "2021"]
[Annotator "NA RC"]
[PlyCount "35"]
[EventDate "2019.10.26"]
[EventType "team-tourn"]
[EventCountry "HUN"]
[SourceTitle "playchess.com"]
[Source "ChessBase"]
[SourceQuality "1"]
[TimeControl "5400+30"]

1. e4 {[%emt 0:00:00]} c5 {[%emt 0:00:00]} 2. Nc3 {[%emt 0:00:00]} Nc6 {[%emt 0:00:00]} 3. f4 {[%emt 0:00:00]} g6 {[%emt 0:00:26]} 4. Nf3 {[%emt 0:00:00]} Bg7 {[%emt 0:00:08]} 5. Bc4 {[%emt 0:00:03]} e6 {[%emt 0:00:12]} 6. O-O {[%emt 0:00:20]} Nge7 {[%emt 0:00:06]} 7. Qe1 {[%emt 0:00:11]} a6 {[%emt 0:00:46]} 8. d3 {[%emt 0:00:11]} b5 {[%emt 0:01:11]} 9. Bb3 {[%emt 0:00:07]} O-O {[%emt 0:00:47]} 10. f5 {[%emt 0:00:17]} exf5 {[%emt 0:03:16]} 11. Qh4 {[%emt 0:00:13]} Ne5 {[%emt 0:06:09]} 12. Bg5 {[%emt 0:02:27]} Re8 {[%emt 0:04:14]} 13. Nd5 {[%emt 0:00:39]} N5c6 {[%emt 0:01:41]} 14. Nf6+ {[%emt 0:02:05]} Bxf6 {[%emt 0:01:20]} 15. Bxf6 {[%emt 0:00:09]} h5 {[%emt 0:00:42]} 16. Qg5 {[%emt 0:00:27]} Kh7 {[%emt 0:01:22]} 17. Bxf7 {[%emt 0:00:11]} Rf8 {[%emt 0:00:09]} 18. Bxg6+ {[%emt 0:00:20]} 1-0

[Event "HUN-chT Youth 2019"]
[Site "Budapest"]
[Date "2019.10.29"]
[Round "6.21"]
[White "Fodor, Kornel"]
[Black "Blahota, Marcell"]
[Result "1-0"]
[WhiteElo "1933"]
[BlackElo "1765"]
[Annotator "NA RC"]
[PlyCount "55"]
[EventDate "2019.10.26"]
[EventType "team-tourn"]
[EventCountry "HUN"]
[SourceTitle "playchess.com"]
[Source "ChessBase"]
[SourceQuality "1"]
[TimeControl "5400+30"]

1. e4 {[%emt 0:03:44]} c6 {[%emt 0:00:06]} 2. d4 {[%emt 0:00:10]} d5 {[%emt 0:00:17]} 3. Nc3 {[%emt 0:00:21]} dxe4 {[%emt 0:00:23]} 4. Nxe4 {[%emt 0:00:03]} Bf5 {[%emt 0:00:25]} 5. Ng3 {[%emt 0:00:03]} Bg6 {[%emt 0:00:14]} 6. Nh3 {[%emt 0:00:16]} e6 {[%emt 0:00:24]} 7. Nf4 {[%emt 0:00:09]} Bd6 {[%emt 0:00:12]} 8. h4 {[%emt 0:06:59]} Bxf4 {[%emt 0:06:31] B18: Classical Caro-Kann: 4...Bf5 sidelines} 9. Bxf4 {[%emt 0:00:12]} h6 {[%emt 0:00:12]} 10. h5 {[%emt 0:05:38]} Bh7 {[%emt 0:00:35]} 11. c3 {[%emt 0:01:51]} Nf6 {[%emt 0:00:56]} 12. Bd3 {[%emt 0:04:30]} Bxd3 {[%emt 0:04:57]} 13. Qxd3 {[%emt 0:00:07] [#]} Qe7 $146 {[%emt 0:07:54]} ({Predecessor:} 13... O-O 14. O-O-O b5 15. f3 Nd5 16. Bd2 Nd7 {1-0 (41) Rozentalis,E (2604)-Postny,E (2654) Austria 2014}) 14. O-O-O {[%emt 0:07:35]} Nbd7 {[%emt 0:07:11]} 15. c4 {[%emt 0:03:24]} O-O-O {[%emt 0:09:59]} 16. f3 {[%emt 0:01:21]} Qb4 {[%emt 0:02:36]} 17. Ne4 {[%emt 0:15:11]} Nxe4 {[%emt 0:27:19]} 18. fxe4 {[%emt 0:00:11]} Qa4 {[%emt 0:06:49]} (18... e5 $11 {keeps the balance.} 19. Bd2 (19. dxe5 Nc5 $11) 19... Qd6) 19. Kb1 {[%emt 0:01:05]} b6 {[%emt 0:02:59]} 20. Qe2 {[%emt 0:14:28]} Rhe8 {[%emt 0:08:23]} 21. Rh3 {[%emt 0:02:14]} Kb7 {[%emt 0:01:04]} 22. Ra3 {[%emt 0:07:34]} Qb4 {[%emt 0:00:44]} 23. c5 $1 {[%emt 0:01:06]} b5 {[%emt 0:01:01]} (23... Nb8 {is a better defense.} 24. Bd6 Qb5) 24. Bd2 {[%emt 0:02:08]} (24. Rdd3 $18 Nxc5 25. dxc5) 24... Qxd4 $2 {[%emt 0:02:53]} (24... Qc4 $16 {is more resistant.} 25. Qxc4 bxc4) 25. Ba5 $1 {[%emt 0:01:21]} Qf6 {[%emt 0:02:16]} 26. Bxd8 $18 {[%emt 0:00:08]} Rxd8 {[%emt 0:00:06]} 27. Rad3 {[%emt 0:00:46]} Kc7 {[%emt 0:00:21]} 28. Qd2 {[%emt 0:00:14]} 1-0